|
|
|
|
| LEADER |
01826cas a2200289 a 4500 |
| 001 |
AALejournalIMF022582 |
| 008 |
230101c9999 xx r poo 0 0eng d |
| 020 |
|
|
|c 5.00 USD
|
| 020 |
|
|
|z 9781513587837
|
| 022 |
|
|
|a 1934-7685
|
| 040 |
|
|
|a BD-DhAAL
|c BD-DhAAL
|
| 110 |
2 |
|
|a International Monetary Fund.
|b European Dept.
|
| 245 |
1 |
0 |
|a Greece :
|b 2021 Article IV Consultation-Press Release; and Staff Report.
|
| 264 |
|
1 |
|a Washington, D.C. :
|b International Monetary Fund,
|c 2021.
|
| 300 |
|
|
|a 1 online resource (94 pages)
|
| 490 |
1 |
|
|a IMF Staff Country Reports
|
| 500 |
|
|
|a <strong>Off-Campus Access:</strong> No User ID or Password Required
|
| 500 |
|
|
|a <strong>On-Campus Access:</strong> No User ID or Password Required
|
| 506 |
|
|
|a Electronic access restricted to authorized BRAC University faculty, staff and students
|
| 520 |
3 |
|
|a Greece entered the pandemic with an unfinished recovery, but the country has demonstrated resilience in facing COVID-19. The economy contracted by 8.2 percent in 2020, better than expected given Greece's high dependence on tourism and pre-existing vulnerabilities. The government provided among the largest on-budget fiscal stimuli in the euro zone and supervisory and ECB accommodation shielded the banking sector and kept financing conditions highly accommodative. Despite the pandemic, reforms progressed in a number of areas, albeit at a slower pace than in recent years.
|
| 538 |
|
|
|a Mode of access: Internet
|
| 650 |
|
7 |
|a International Agreements and Observance
|2 imf
|
| 650 |
|
7 |
|a International Organizations
|2 imf
|
| 650 |
|
7 |
|a Monetary Policy
|2 imf
|
| 651 |
|
7 |
|a Greece
|2 imf
|
| 830 |
|
0 |
|a IMF Staff Country Reports; Country Report
|v ;No. 2021/154
|
| 856 |
4 |
0 |
|z Full text available on IMF
|u https://elibrary.imf.org/view/journals/002/2021/154/002.2021.issue-154-en.xml
|z IMF e-Library
|